Statistics for Animal flags

Click here to take the quiz!

General Stats

  • This quiz has been taken 23 times
  • The average score is 8 of 15

Answer Stats

HintAnswer% Correct
Moldova, Mexico, EgyptEagle
95%
Spain, Sri Lanka, FijiLion
79%
Wales, Bhutan, SomersetDragon
74%
CaliforniaGrizzly bear
63%
Mexico, MartiniqueSnake
58%
DominicaImperial amazon
58%
Peru, BoliviaLlama
53%
Albania, Serbia, Holy Roman EmpireDouble-headed eagle
42%
Andorra, MoldovaBull
42%
Louisiana, St Petersburg Fl.Pelican
42%
WalloniaRooster
42%
WyomingBison
42%
Croatia, MerionethshireGoat
37%
Falkland Islands, GotlandSheep
37%
UgandaGrey crowned crane
32%

Score Distribution

Percentile by Number Answered

Percent of People with Each Score

Your Score History

You have not taken this quiz